000 00472nam a2200121Ia 4500
008 220620s9999||||xx |||||||||||||| ||und||
100 _aKalsoom Akhtar||Sher Bahadar Khan
245 0 _aCerium Oxide - Applications and Attributes
546 _aEnglish[eng]
650 _aPhysical Sciences||Engineering and Technology||Chemistry||Inorganic Chemistry||Solid-State Chemistry
856 _uhttps://www.intechopen.com/books/cerium-oxide-applications-and-attributes
942 _cEB
999 _c25411
_d25411